[Event "ICS rated blitz match"]
[Site "207.99.83.229"]
[Date "1999.05.30"]
[Round "?"]
[White "Grok"]
[Black "Hossa"]
[Result "1/2-1/2"]
[WhiteElo "2382"]
[BlackElo "2524"]
[PlyCount "284"]

1. d4 d5 2. c4 e6 3. Nc3 Nf6 4. Nf3 Be7 5. Bg5 h6 6. Bh4 O-O 7. e3 Nbd7 8. Rc1
c6 9. a3 Re8 10. h3 Qb6 11. Qc2 a5 12. Bd3 dxc4 13. Bxc4 Qc7 14. Ba2 Qb6 15.
O-O Bd6 16. Nd2 Qd8 17. Nde4 Be7 18. f3 Ra7 19. Ne2 Nb6 20. Nxf6+ Bxf6 21. Bxf6
Qxf6 22. Bb1 Qf5 23. Qb3 Qb5 24. Qxb5 cxb5 25. Nc3 Bd7 26. Bd3 b4 27. Nb5 Bxb5
28. Bxb5 Rf8 29. a4 Nc8 30. Rc7 Nb6 31. e4 Rd8 32. Rd1 g5 33. Kf2 Kg7 34. Ke3
Kf6 35. Rdc1 h5 36. Bc6 h4 37. b3 Rb8 38. e5+ Kg7 39. Rc5 Na8 40. Re7 Kf8 41.
Rxb7 Raxb7 42. Bxb7 Rxb7 43. Rc8+ Kg7 44. Rxa8 Rc7 45. Rxa5 Rc3+ 46. Ke4 Rxb3
47. Rb5 Rb2 48. f4 g4 49. hxg4 Rxg2 50. Rxb4 Rxg4 51. Rb3 Rg1 52. Rh3 Re1+ 53.
Kd3 Ra1 54. Rxh4 Rxa4 55. Rg4+ Kh7 56. Rg2 Ra7 57. Ke4 Rd7 58. Rc2 Kg6 59. Ke3
Ra7 60. Rg2+ Kh6 61. Ke4 Rd7 62. Rg4 Rd5 63. f5 Rd8 64. fxe6 fxe6 65. Rf4 Re8
66. Rf7 Kg6 67. Rf6+ Kg5 68. Ke3 Kg4 69. Kd3 Re7 70. Ke4 Kg5 71. Rf8 Kg6 72.
Rf3 Re8 73. Rf2 Kh5 74. d5 exd5+ 75. Kxd5 Rd8+ 76. Ke4 Kg6 77. e6 Rb8 78. Kd5
Rb7 79. Rf8 Kg7 80. Rf4 Kg6 81. Kc6 Ra7 82. Rf8 Ra6+ 83. Kd5 Ra5+ 84. Kd4 Ra4+
85. Ke5 Ra5+ 86. Kf4 Ra4+ 87. Kf3 Ra7 88. Ke4 Ra6 89. Re8 Kf6 90. Kd5 Ra5+ 91.
Kd4 Rg5 92. Rb8 Kxe6 93. Rb6+ Kf5 94. Rb5+ Kf6 95. Rb7 Re5 96. Kd3 Kf5 97. Ra7
Rd5+ 98. Kc2 Ke5 99. Rb7 Kf5 100. Rg7 Ke5 101. Rf7 Kd4 102. Rf8 Rc5+ 103. Kd2
Rd5 104. Rf7 Rd6 105. Rc7 Kd5 106. Re7 Kd4 107. Rb7 Kd5 108. Ke3 Ke5 109. Re7+
Kd5 110. Rh7 Re6+ 111. Kd2 Rd6 112. Kd3 Rd8 113. Rg7 Rd6 114. Re7 Rd8 115. Rc7
Rd6 116. Ra7 Rd8 117. Re7 Rd6 118. Rc7 Rd8 119. Ra7 Rd6 120. Kc3 Ke5 121. Re7+
Kd5 122. Rb7 Ke5 123. Ra7 Rc6+ 124. Kb2 Ke4 125. Rb7 Kf4 126. Re7 Kg4 127. Rf7
Kg5 128. Rd7 Kg6 129. Rb7 Kf6 130. Ra7 Ke5 131. Rd7 Kf5 132. Rg7 Ke5 133. Rg8
Kd5 134. Rg5+ Kc4 135. Rg7 Kc5 136. Kc3 Rc8 137. Kd3 Kc6 138. Rf7 Kb6 139. Re7
Kc6 140. Ra7 Kd5 141. Rd7+ Ke5 142. Re7+ 142... Kd5 {
Game drawn by the 50 move rule} 1/2-1/2

[Event "ICS rated blitz match"]
[Site "207.99.83.229"]
[Date "1999.05.30"]
[Round "?"]
[White "Hossa"]
[Black "Grok"]
[Result "1-0"]
[WhiteElo "2518"]
[BlackElo "2388"]
[PlyCount "209"]

1. e4 e5 2. Nf3 Nc6 3. Bb5 a6 4. Ba4 Nf6 5. O-O Be7 6. Re1 b5 7. Bb3 d6 8. c3
O-O 9. h3 Nd7 10. d4 Bf6 11. a4 Bb7 12. Na3 Nb6 13. axb5 axb5 14. d5 Ne7 15.
Be3 c6 16. dxc6 Bxc6 17. Bxb6 Qxb6 18. Qxd6 Rfd8 19. Qb4 Qb7 20. Bc2 Ng6 21.
Qc5 Be7 22. Qe3 b4 23. Nc4 bxc3 24. bxc3 Rxa1 25. Rxa1 Qb5 26. Nfd2 Bd7 27. Ra5
Qb8 28. Nf3 Qc7 29. Bd3 Be6 30. Nfd2 Nf4 31. Bf1 Bg5 32. Qa7 Qxa7 33. Rxa7 g6
34. g3 Nxh3+ 35. Bxh3 Bxh3 36. Nf3 Bf6 37. Ncxe5 Rd1+ 38. Kh2 Be6 39. Rc7 Rc1
40. Kg2 Kf8 41. Rc6 Kg8 42. c4 Ra1 43. Nd3 Kg7 44. Nf4 Bg4 45. Nd5 Bxf3+ 46.
Kxf3 Bd4 47. Rc8 Ra3+ 48. Ne3 Rc3 49. Kf4 Bxe3+ 50. fxe3 Rc1 51. e5 Rf1+ 52.
Ke4 Rb1 53. Rc7 Kg8 54. Rc6 Rg1 55. Kf3 Rf1+ 56. Kg2 Re1 57. Kf2 Rc1 58. Rc8+
Kg7 59. Rc7 Rc2+ 60. Kf3 Kg8 61. Rc6 Kg7 62. Rc8 g5 63. Rc7 Kg6 64. g4 Rc1 65.
Rc8 Rf1+ 66. Ke4 Rg1 67. Rc6+ Kg7 68. Kf5 h6 69. e6 fxe6+ 70. Rxe6 Rf1+ 71. Ke4
Rg1 72. Kf3 Rf1+ 73. Kg2 Rc1 74. Rc6 Re1 75. Rc7+ Kf6 76. Kf2 Rc1 77. Ke2 Rg1
78. Kf3 Rf1+ 79. Ke4 Rg1 80. Rc6+ Kg7 81. Kf5 Rf1+ 82. Ke5 Rg1 83. c5 Rxg4 84.
Kf5 Rh4 85. Rc7+ Kf8 86. Kf6 Ke8 87. Re7+ Kd8 88. Rh7 Rc4 89. Ke5 Kc8 90. Kd6
Rc3 91. Rxh6 Rxe3 92. Rh8+ Kb7 93. c6+ Ka7 94. c7 Rd3+ 95. Ke5 Rc3 96. c8=Q
Rxc8 97. Rxc8 Kb7 98. Rc5 g4 99. Kd6 g3 100. Rb5+ Ka6 101. Kc6 g2 102. Rg5 g1=Q
103. Rxg1 Ka5 104. Rg4 Ka6 105. Ra4# {Grok checkmated} 1-0

[Event "ICS rated blitz match"]
[Site "207.99.83.229"]
[Date "1999.05.30"]
[Round "?"]
[White "MissSilicon"]
[Black "Hossa"]
[Result "1-0"]
[WhiteElo "2510"]
[BlackElo "2528"]
[PlyCount "114"]

1. Nf3 Nf6 2. c4 Nc6 3. d4 e6 4. Nc3 d5 5. Bg5 Be7 6. e3 O-O 7. Ne5 Nxe5 8.
dxe5 Nd7 9. Bxe7 Qxe7 10. cxd5 Nxe5 11. Be2 exd5 12. Nxd5 Qd6 13. e4 c6 14. Nc3
Qg6 15. g3 Bg4 16. Bxg4 Rad8 17. Be2 Rxd1+ 18. Rxd1 Qe6 19. f4 Nd7 20. O-O Rd8
21. e5 Qf5 22. Rd6 Kf8 23. Rfd1 Ke7 24. Na4 Qc2 25. Bg4 Qxa4 26. Rxd7+ Rxd7 27.
Rxd7+ Ke8 28. Rxb7 Qxa2 29. Rb8+ Ke7 30. Rb7+ Kd8 31. Kf2 a5 32. Rd7+ Ke8 33.
Rd2 Qb3 34. Bf5 Qb4 35. Ke3 h5 36. h4 Qc5+ 37. Kf3 Qc1 38. Ke2 Qh1 39. Rd3 Qg2+
40. Kd1 Qxb2 41. Bd7+ Ke7 42. Bxc6 g6 43. Rd7+ Ke6 44. Rd6+ Kf5 45. Bf3 Qb3+
46. Ke2 Qb5+ 47. Kf2 Qb2+ 48. Kg1 Qa1+ 49. Kh2 Qa2+ 50. Kh3 Qe6 51. Be2 Ke4+
52. Rxe6 fxe6 53. Bb5 Ke3 54. Be8 Kd4 55. Bxg6 a4 56. Bb1 a3 57. Ba2 57... Kc3
{Hossa resigns} 1-0

[Event "ICS rated blitz match"]
[Site "207.99.83.229"]
[Date "1999.05.30"]
[Round "?"]
[White "Hossa"]
[Black "Riscy"]
[Result "0-1"]
[WhiteElo "2511"]
[BlackElo "2572"]
[PlyCount "95"]

1. e4 e5 2. Nf3 Nc6 3. Bb5 a6 4. Ba4 Nf6 5. O-O Be7 6. Re1 b5 7. Bb3 O-O 8. h3
Bb7 9. d3 d6 10. a3 Qd7 11. Nc3 Rae8 12. Qe2 Nd4 13. Nxd4 exd4 14. Nb1 d5 15.
e5 Bd6 16. f4 Bc5 17. Nd2 Qe6 18. Qf2 Nd7 19. a4 Bb4 20. axb5 axb5 21. Ra7 Qb6
22. Ra1 c5 23. Ba2 Ra8 24. Qh4 Qc7 25. Qe7 Rfe8 26. Qg5 Ra6 27. e6 Raxe6 28.
Rxe6 Rxe6 29. Nf3 Nf6 30. Ne5 Re8 31. Bb3 c4 32. Ba2 Qd6 33. Bb1 Nd7 34. Nf3
Bc5 35. Kh1 Qe6 36. Ra5 Qe2 37. Kh2 Qf1 38. Rxb5 Be7 39. Qf5 Bc8 40. Qxd5 Qxc1
41. Ba2 Qxf4+ 42. g3 Qe3 43. Bxc4 Nf6 44. Qxd4 Qxf3 45. Re5 Bd6 46. Rxe8+ Nxe8
47. Qg1 Bb7 48. b3 {Hossa resigns} 0-1

[Event "ICS rated blitz match"]
[Site "207.99.83.229"]
[Date "1999.05.30"]
[Round "?"]
[White "Hossa"]
[Black "nimraz"]
[Result "1-0"]
[WhiteElo "2498"]
[BlackElo "2150"]
[PlyCount "99"]

1. e4 c5 2. Nf3 g6 3. Be2 Bg7 4. O-O Nc6 5. Nc3 Nd4 6. d3 d6 7. Nxd4 cxd4 8.
Nd5 Nf6 9. Nxf6+ Bxf6 10. Bh6 Bd7 11. Bg4 e6 12. f4 Qb6 13. e5 dxe5 14. Qe1 Qc7
15. Kh1 O-O-O 16. fxe5 Qxe5 17. Qxe5 Bxe5 18. Rxf7 Rde8 19. Re1 Bd6 20. Bg7
Rhg8 21. Bxd4 Bc6 22. Rxe6 Rxe6 23. Bxe6+ Kb8 24. Rxb7+ Kxb7 25. Bxg8 h5 26.
Bf7 h4 27. Bxg6 h3 28. Be4 hxg2+ 29. Bxg2 a6 30. Bxc6+ Kxc6 31. Kg2 Kd5 32. Be3
Be5 33. c3 Bf6 34. Kf3 Ke6 35. Ke4 Be7 36. h3 Bd8 37. c4 Be7 38. d4 Bf6 39. b3
Be7 40. Bf4 Kf6 41. Kd5 Kf5 42. Bd6 Bg5 43. c5 Kg6 44. c6 Bd8 45. Kc5 Kf7 46.
c7 Bxc7 47. Bxc7 Ke6 48. d5+ Kd7 49. d6 Kc8 50. Kc6 {nimraz resigns} 1-0

[Event "ICS rated blitz match"]
[Site "207.99.83.229"]
[Date "1999.05.30"]
[Round "?"]
[White "nimraz"]
[Black "Hossa"]
[Result "0-1"]
[WhiteElo "2147"]
[BlackElo "2502"]
[PlyCount "58"]

1. e4 e5 2. Nf3 Nc6 3. Nc3 Nf6 4. Bc4 Bb4 5. O-O O-O 6. Nd5 d6 7. Nxb4 Nxb4 8.
d4 exd4 9. Nxd4 Nxe4 10. c3 d5 11. Bb3 Nc6 12. Bf4 Nxd4 13. Qxd4 c6 14. c4 dxc4
15. Qxc4 Nd2 16. Bxd2 Qxd2 17. Rad1 Qg5 18. h4 Qf6 19. Qb4 a5 20. Qb6 Qxh4 21.
Rd4 Qg5 22. Rfd1 Bh3 23. g3 Rab8 24. Rh4 Bg4 25. Rd6 Qc1+ 26. Kg2 Be2 27. f4
Qf1+ 28. Kh2 Bf3 29. Qf2 29... Qh1# {nimraz checkmated} 0-1

[Event "ICS rated blitz match"]
[Site "207.99.83.229"]
[Date "1999.05.30"]
[Round "?"]
[White "Hossa"]
[Black "nimraz"]
[Result "1-0"]
[WhiteElo "2506"]
[BlackElo "2141"]
[PlyCount "35"]

1. e4 c5 2. Nf3 d6 3. d4 cxd4 4. Nxd4 Nf6 5. Nc3 g6 6. Be3 Bg7 7. f3 O-O 8. Qd2
Nc6 9. g4 Nxd4 10. Bxd4 Be6 11. O-O-O Qa5 12. g5 Nh5 13. Bxg7 Kxg7 14. Kb1 Rfc8
15. a3 Rc6 16. Nd5 Qxd2 17. Rxd2 Rac8 18. Nxe7 {nimraz resigns} 1-0

[Event "ICS rated blitz match"]
[Site "207.99.83.229"]
[Date "1999.05.30"]
[Round "?"]
[White "jacdion"]
[Black "Hossa"]
[Result "1-0"]
[WhiteElo "2860"]
[BlackElo "2509"]
[PlyCount "100"]

1. d4 d5 2. c4 e6 3. Nc3 Nf6 4. Bg5 Be7 5. e3 O-O 6. Nf3 h6 7. Bh4 b6 8. Rc1
Ba6 9. Ne5 Ne4 10. Bxe7 Qxe7 11. Bd3 Nxc3 12. Rxc3 dxc4 13. Be4 c6 14. Nxc4 f5
15. Bf3 f4 16. Ne5 Qb4 17. Qb3 Qxb3 18. Rxb3 Rf6 19. Rc3 Bb5 20. Be4 fxe3 21.
fxe3 Ba6 22. Bf3 Bb5 23. b3 Ba6 24. a3 Kh8 25. a4 b5 26. Bxc6 Nxc6 27. Rxc6 Bb7
28. Rc7 Bd5 29. axb5 Bxb3 30. Ke2 Ba4 31. Rb1 Rb8 32. Nf7+ Kh7 33. Nd6 Rg6 34.
Rxa7 Rxg2+ 35. Kf3 Bc2 36. Kxg2 Bxb1 37. Kg3 Rd8 38. Nb7 Rd7 39. b6 Rd5 40. Nc5
Rg5+ 41. Kf3 Rf5+ 42. Kg2 Rg5+ 43. Kf1 Bf5 44. b7 Bh3+ 45. Ke2 Rg2+ 46. Kd3 Rb2
47. Ra8 Rxb7 48. Nxb7 Bf1+ 49. Kd2 Bg2 50. Ra7 50... Kg6 {Hossa resigns} 1-0

[Event "ICS rated blitz match"]
[Site "207.99.83.229"]
[Date "1999.05.30"]
[Round "?"]
[White "Hossa"]
[Black "nimraz"]
[Result "1-0"]
[WhiteElo "2505"]
[BlackElo "2160"]
[PlyCount "85"]

1. d4 g6 2. Nc3 Bg7 3. e4 d6 4. Bb5+ c6 5. Be2 Nf6 6. Nf3 O-O 7. O-O b5 8. e5
dxe5 9. dxe5 Nfd7 10. Bf4 Bb7 11. Qd4 c5 12. Qe3 Qb6 13. Bxb5 Nc6 14. Rae1 Rad8
15. Bh6 Nd4 16. Bxg7 Nxf3+ 17. gxf3 Kxg7 18. Bxd7 Rxd7 19. Na4 Qe6 20. Nxc5 Qh3
21. Nxd7 Bxf3 22. Qg5 Qxd7 23. Re3 Bc6 24. Rd3 Qe6 25. Rc3 Rb8 26. b3 Rb4 27.
Rg3 h6 28. Qe3 Re4 29. Qxa7 Rxe5 30. Qd4 f6 31. Qd2 g5 32. a3 Re2 33. Qd3 Re1
34. c4 Qe5 35. Re3 Rxf1+ 36. Qxf1 Qd4 37. Rxe7+ Kf8 38. Qe2 Qa1+ 39. Qe1 Qd4
40. h3 Qd3 41. Qb4 Qg6 42. Rd7+ Kg8 43. Qb8+ {nimraz resigns} 1-0

[Event "ICS rated blitz match"]
[Site "207.99.83.229"]
[Date "1999.05.30"]
[Round "?"]
[White "nimraz"]
[Black "Hossa"]
[Result "0-1"]
[WhiteElo "2149"]
[BlackElo "2509"]
[PlyCount "35"]

1. e4 e5 2. Nc3 Nf6 3. f4 d6 4. Bc4 exf4 5. d4 Qe7 6. Qe2 Bg4 7. Nf3 Nc6 8. Qf2
Nxe4 9. Nxe4 Qxe4+ 10. Kd1 Qxd4+ 11. Qxd4 Nxd4 12. Re1+ Ne6 13. Bxf4 O-O-O 14.
Bg3 Bxf3+ 15. gxf3 d5 16. Bb3 Nd4 17. Re5 Bd6 18. Rxd5 {nimraz resigns} 0-1

[Event "ICS rated blitz match"]
[Site "207.99.83.229"]
[Date "1999.05.30"]
[Round "?"]
[White "jacdion"]
[Black "Hossa"]
[Result "1-0"]
[WhiteElo "2843"]
[BlackElo "2513"]
[PlyCount "114"]

1. e4 e5 2. Nf3 Nc6 3. Bb5 a6 4. Ba4 Nf6 5. O-O Be7 6. Re1 b5 7. Bb3 O-O 8. h3
Bb7 9. d3 d6 10. a3 Qd7 11. Nc3 Rae8 12. Ba2 Nd4 13. b4 Bd8 14. a4 bxa4 15.
Nxa4 Qc6 16. Nxd4 exd4 17. Bb3 Qb5 18. Bd2 c5 19. bxc5 dxc5 20. Bg5 a5 21. Bxf6
Bxf6 22. Bc4 Qc6 23. Bd5 Qc7 24. Bxb7 Qxb7 25. Nxc5 Qb5 26. Nb3 a4 27. Nd2 Rb8
28. Qg4 Qb2 29. e5 Be7 30. Nc4 Qxc2 31. Qxd4 Rfd8 32. Nd6 Ra8 33. Qe4 Qd2 34.
Red1 Qh6 35. Nb7 Rd7 36. Rxa4 Rb8 37. Na5 Bc5 38. Qc6 Qxc6 39. Nxc6 Rb5 40.
Ra8+ Bf8 41. d4 h5 42. Rda1 g6 43. R1a7 Rxa7 44. Rxa7 Rb1+ 45. Kh2 Rd1 46. Kg3
Bh6 47. d5 Rd3+ 48. Kh4 Rd2 49. d6 f6 50. Ne7+ Kf7 51. Nf5+ Ke6 52. Nxh6 Rd4+
53. g4 fxe5 54. Nf7 hxg4 55. hxg4 Rxd6 56. Nxd6 Kxd6 57. Kg5 57... Ke6 {
Hossa resigns} 1-0

[Event "ICS rated blitz match"]
[Site "207.99.83.229"]
[Date "1999.05.30"]
[Round "?"]
[White "Hossa"]
[Black "jacdion"]
[Result "0-1"]
[WhiteElo "2509"]
[BlackElo "2847"]
[PlyCount "111"]

1. d4 d5 2. c4 e6 3. Nc3 Nf6 4. Bg5 Be7 5. e3 O-O 6. Nf3 h6 7. Bh4 b6 8. Rc1
Bb7 9. Be2 Nbd7 10. O-O c5 11. Qa4 g5 12. Bg3 Nh5 13. b3 Nxg3 14. hxg3 cxd4 15.
exd4 a6 16. g4 Nb8 17. cxd5 b5 18. Bxb5 axb5 19. Qxb5 Ba6 20. Qa4 exd5 21. Ne5
Qd6 22. Rfe1 Bd8 23. a3 Kg7 24. Nb5 Qb6 25. Nc3 Bb7 26. Qb4 Qxb4 27. axb4 Ra3
28. Rb1 Re8 29. Nb5 Ra6 30. Nd3 Rxe1+ 31. Rxe1 Bc8 32. f3 Be6 33. Nc5 Rb6 34.
Na3 Nc6 35. Nc2 Kf6 36. Nd3 Be7 37. Kh1 Bxb4 38. Ncxb4 Nxb4 39. Nxb4 Rxb4 40.
Rd1 Rxb3 41. Kh2 Rb2 42. Kg3 Kg6 43. Kh2 f5 44. Re1 Kf6 45. gxf5 Kxf5 46. Rd1
Re2 47. Kh1 Kf4 48. Kh2 Ke3 49. Kg3 h5 50. Kh2 h4 51. Kg1 h3 52. gxh3 Bxh3 53.
Rb1 Kxf3 54. Rb3+ Re3 55. Rb1 g4 56. Rd1 {Hossa resigns} 0-1

[Event "ICS rated blitz match"]
[Site "207.99.83.229"]
[Date "1999.05.30"]
[Round "?"]
[White "Hossa"]
[Black "nimraz"]
[Result "1/2-1/2"]
[WhiteElo "2505"]
[BlackElo "2139"]
[PlyCount "97"]

1. e4 c5 2. Nf3 g6 3. Be2 Bg7 4. O-O Nc6 5. Nc3 Nf6 6. d4 cxd4 7. Nxd4 Nxe4 8.
Nxc6 Nxc3 9. Nxd8 Nxd1 10. Nxf7 Kxf7 11. Rxd1 d6 12. Bc4+ Be6 13. Bxe6+ Kxe6
14. a4 Rac8 15. c3 Rc4 16. Be3 a6 17. Bb6 Kd7 18. Kf1 Rf8 19. h3 h5 20. Ke2 Rf5
21. f3 g5 22. Kd3 Rc6 23. a5 g4 24. hxg4 hxg4 25. fxg4 Rf4 26. g5 Rg4 27. Be3
Rxg2 28. Rd2 Rxd2+ 29. Kxd2 Ke6 30. Bd4 Bxd4 31. cxd4 Kf5 32. Rg1 Kg6 33. Kd3
d5 34. Re1 e6 35. Re5 Kf7 36. b3 Rc8 37. Kd2 Rh8 38. b4 Rh3 39. Re3 Rh2+ 40.
Kd3 Rg2 41. Re5 Rg3+ 42. Kc2 Ke7 43. Kd2 Kd6 44. Kc2 Kd7 45. Kd2 Kd6 46. Kc2
Kd7 47. Kd2 Kd6 48. Kc2 Kd7 49. Kd2 {Game drawn by repetition} 1/2-1/2

[Event "ICS rated blitz match"]
[Site "207.99.83.229"]
[Date "1999.05.30"]
[Round "?"]
[White "nimraz"]
[Black "Hossa"]
[Result "0-1"]
[WhiteElo "2163"]
[BlackElo "2492"]
[PlyCount "76"]

1. e4 c5 2. d4 e6 3. d5 exd5 4. exd5 Bd6 5. Nc3 Ne7 6. g3 Be5 7. d6 Ng6 8. Nb5
Na6 9. f4 Bf6 10. Bg2 Qa5+ 11. Nc3 Bxc3+ 12. bxc3 Qxc3+ 13. Bd2 Qd4 14. Qe2+
Kf8 15. Nf3 Qxa1+ 16. Kf2 Qxa2 17. Bc3 Qe6 18. f5 Qxf5 19. Re1 Kg8 20. Qe8+ Nf8
21. Re7 Qxc2+ 22. Nd2 Qg6 23. Bd5 Qf5+ 24. Bf3 h5 25. Ne4 Rh6 26. Ke3 Re6 27.
h3 Nc7 28. dxc7 Qg5+ 29. Kf2 Qxe7 30. Qd8 Rxe4 31. Bxe4 Qxe4 32. Qg5 Ne6 33.
Qe7 Qc2+ 34. Kg1 Qxc3 35. Qe8+ Kh7 36. Qd8 Qxg3+ 37. Kf1 Nf4 38. Qe7 38... d5 {
nimraz resigns} 0-1

[Event "ICS rated blitz match"]
[Site "207.99.83.229"]
[Date "1999.05.30"]
[Round "?"]
[White "Hossa"]
[Black "joejan"]
[Result "1-0"]
[WhiteElo "2496"]
[BlackElo "2349"]
[PlyCount "131"]

1. e4 c5 2. Nf3 d6 3. d4 cxd4 4. Nxd4 Nf6 5. Nc3 a6 6. f4 Qc7 7. Bd3 g6 8. a4
Bg7 9. Nf3 O-O 10. Be3 Nc6 11. O-O Ng4 12. Qe1 Nxe3 13. Qxe3 Bd7 14. Nd5 Qd8
15. Rad1 Bxb2 16. Nb6 Ba3 17. Nxd7 Qxd7 18. Bxa6 Rxa6 19. Qxa3 Na5 20. Qb4 Rc8
21. Rd5 Rc4 22. Qb5 Qc6 23. Nd4 Qxb5 24. axb5 Ra8 25. Ra1 b6 26. h4 Rac8 27.
Rd1 R8c5 28. Rd2 Rxd5 29. exd5 Nb7 30. Nc6 Kf8 31. Re2 Rxf4 32. Rxe7 Nc5 33.
Rc7 Rxh4 34. Rc8+ Kg7 35. Rb8 Rh5 36. Rxb6 Rxd5 37. c4 Rd2 38. Ne7 Ne6 39. Nd5
Rc2 40. Rxd6 Rxc4 41. b6 Rc1+ 42. Kf2 Rb1 43. Kg3 Nc5 44. Kf4 Nb7 45. Rc6 Na5
46. Rc2 Rb5 47. Ke5 Nb7 48. Rc7 Na5 49. Kd6 Rb2 50. g3 h5 51. Ra7 Nc4+ 52. Kc5
Nxb6 53. Nxb6 Rb3 54. Nc4 Rxg3 55. Ne5 Rg5 56. Rxf7+ Kg8 57. Re7 Kf8 58. Kd6 h4
59. Nd7+ Kg8 60. Nf6+ Kf8 61. Nh7+ Kg8 62. Nxg5 h3 63. Nh7 h2 64. Nf6+ Kf8 65.
Ke6 h1=Q 66. Rf7# {joejan checkmated} 1-0

[Event "ICS rated blitz match"]
[Site "207.99.83.229"]
[Date "1999.05.30"]
[Round "?"]
[White "jacdion"]
[Black "Hossa"]
[Result "1-0"]
[WhiteElo "2821"]
[BlackElo "2514"]
[PlyCount "92"]

1. e4 c5 2. Nf3 e6 3. d4 cxd4 4. Nxd4 Nf6 5. Nc3 d6 6. Be2 Be7 7. O-O O-O 8. f4
Nc6 9. Be3 e5 10. fxe5 dxe5 11. Nf5 Bxf5 12. Rxf5 Qa5 13. Nd5 Nxe4 14. Bf3 Nf6
15. Qe1 Qxe1+ 16. Rxe1 Nd7 17. Rh5 Bb4 18. Nxb4 Nxb4 19. Rd1 Nxc2 20. Rxd7 Nxe3
21. Rxe5 Rae8 22. Rxe8 Rxe8 23. Rxb7 a5 24. Ra7 Rb8 25. Kf2 Nc4 26. b3 Nd6 27.
Rxa5 Nb5 28. Ra8 Rxa8 29. Bxa8 Nc3 30. a4 Na2 31. a5 Nb4 32. Bb7 h5 33. a6 Nxa6
34. Bxa6 h4 35. b4 Kf8 36. b5 Ke7 37. b6 Kd7 38. b7 Kc7 39. Kf3 h3 40. g4 f6
41. Kf4 Kb8 42. Kf5 g5 43. Kxf6 Ka7 44. Ke7 Kxa6 45. b8=Q Ka5 46. Kd6 46... Ka4
{Hossa resigns} 1-0

[Event "ICS rated blitz match"]
[Site "207.99.83.229"]
[Date "1999.05.30"]
[Round "?"]
[White "Hossa"]
[Black "jacdion"]
[Result "0-1"]
[WhiteElo "2509"]
[BlackElo "2826"]
[PlyCount "113"]

1. e4 c5 2. Nf3 e6 3. d4 cxd4 4. Nxd4 Nf6 5. Nc3 d6 6. Be2 a6 7. f4 Be7 8. O-O
O-O 9. e5 dxe5 10. fxe5 Bc5 11. Be3 Nd5 12. Bf2 Nxc3 13. bxc3 Qc7 14. Nf3 Bxf2+
15. Rxf2 Nc6 16. Qd2 Nxe5 17. Nxe5 Qxe5 18. Re1 Qc7 19. Qe3 Bd7 20. a3 Rac8 21.
c4 Bc6 22. Bd3 Qe7 23. Qh3 g6 24. Bf1 Rfd8 25. Re3 Qg5 26. Rg3 Qe5 27. Qh4 Rd4
28. Qh6 Rd1 29. Rd3 Ra1 30. Qh4 Re8 31. Rg3 Re1 32. Qh6 Be4 33. Rh3 Qg7 34. Qd2
Ra1 35. Qd7 Bc6 36. Qd6 Re1 37. Qd2 Re5 38. Rd3 Rc5 39. Qb4 Qe5 40. c3 a5 41.
Qb3 Rf8 42. Rd4 Qe3 43. Rd3 Qh6 44. Qb6 Qg5 45. Rd6 Re5 46. Rd3 Re4 47. Rg3 Qe5
48. c5 a4 49. Rff3 Re1 50. Rf2 Rd1 51. Qb4 Rfd8 52. Rg4 Qe3 53. Qc4 R8d3 54.
Qxd3 Qxd3 55. Rd4 Rxf1+ 56. Rxf1 Qxc3 57. Rdf4 {Hossa resigns} 0-1

[Event "ICS rated blitz match"]
[Site "207.99.83.229"]
[Date "1999.05.30"]
[Round "?"]
[White "nimraz"]
[Black "Hossa"]
[Result "0-1"]
[WhiteElo "2225"]
[BlackElo "2505"]
[PlyCount "24"]

1. e4 c5 2. Nf3 e6 3. d4 cxd4 4. Nxd4 Nf6 5. Nc3 d6 6. Bc4 Be7 7. Be3 O-O 8.
Qe2 d5 9. exd5 exd5 10. Bd3 Bb4 11. Ndb5 a6 12. a3 12... axb5 {nimraz resigns}
0-1

[Event "ICS rated blitz match"]
[Site "207.99.83.229"]
[Date "1999.05.30"]
[Round "?"]
[White "Hossa"]
[Black "nimraz"]
[Result "1-0"]
[WhiteElo "2510"]
[BlackElo "2234"]
[PlyCount "55"]

1. e4 c5 2. Nf3 Nc6 3. d4 cxd4 4. Nxd4 g6 5. Nc3 Bg7 6. Be3 Nf6 7. Bc4 O-O 8.
Bb3 d6 9. O-O Nxd4 10. Bxd4 Qa5 11. Nd5 Nxd5 12. Bxg7 Kxg7 13. exd5 Qc5 14. c3
Re8 15. Qd2 b5 16. Qg5 h6 17. Qh4 a5 18. a3 a4 19. Ba2 Bb7 20. Rad1 Qc8 21.
Rfe1 Qf5 22. Rxe7 g5 23. Qd4+ Qf6 24. Qxf6+ Kxf6 25. Rxb7 Re2 26. Rxb5 Rae8 27.
Kf1 Rc2 28. Bc4 {nimraz resigns} 1-0

[Event "ICS rated blitz match"]
[Site "207.99.83.229"]
[Date "1999.05.30"]
[Round "?"]
[White "jacdion"]
[Black "Hossa"]
[Result "1-0"]
[WhiteElo "2830"]
[BlackElo "2515"]
[PlyCount "96"]

1. e4 c5 2. Nf3 e6 3. d4 cxd4 4. Nxd4 Nf6 5. Nc3 d6 6. g4 h6 7. h4 Nc6 8. Rg1
h5 9. gxh5 Nxh5 10. Bg5 Nf6 11. Qd2 Qb6 12. Nb3 Bd7 13. O-O-O a6 14. Rg3 Qc7
15. Bg2 Be7 16. Kb1 O-O-O 17. Qe3 Kb8 18. Qe2 Ne5 19. f4 Nh5 20. Bxe7 Nxg3 21.
Qe1 Nxe4 22. Nxe4 Nc4 23. Nxd6 Bc8 24. Bxd8 Rxd8 25. Nxc4 Rxd1+ 26. Qxd1 Qxc4
27. Qd6+ Qc7 28. Qxc7+ Kxc7 29. c4 f6 30. Kc2 e5 31. fxe5 fxe5 32. c5 Be6 33.
Kd3 Bf5+ 34. Ke3 b6 35. cxb6+ Kxb6 36. Bf1 a5 37. Bd3 g6 38. Bxf5 gxf5 39. a4
Kc6 40. Nxa5+ Kd5 41. h5 Ke6 42. h6 Kf6 43. Nc6 e4 44. a5 Kg5 45. h7 Kg4 46.
h8=Q f4+ 47. Kxe4 Kg3 48. Ne5 48... Kg2 {Hossa resigns} 1-0

[Event "ICS rated blitz match"]
[Site "207.99.83.229"]
[Date "1999.05.30"]
[Round "?"]
[White "JUNIORE"]
[Black "Hossa"]
[Result "0-1"]
[WhiteElo "2327"]
[BlackElo "2511"]
[PlyCount "76"]

1. d4 d5 2. Nf3 Nf6 3. c4 dxc4 4. e3 b5 5. a4 c6 6. axb5 cxb5 7. b3 Be6 8. bxc4
Bxc4 9. Bxc4 bxc4 10. Qa4+ Nbd7 11. O-O e6 12. Na3 c3 13. Nc4 Be7 14. Nfe5 Kf8
15. Nc6 Qc7 16. Nxe7 Ng4 17. g3 Kxe7 18. Ba3+ Kf6 19. Qb4 Nb6 20. Nxb6 axb6 21.
h3 Nh6 22. Qb5 Ra5 23. Qe2 Rha8 24. h4 Rxa3 25. Rxa3 Rxa3 26. Qh5 Ra5 27. Qf3+
Ke7 28. Rc1 Kf8 29. Qe4 Kg8 30. Rc2 Ra1+ 31. Kg2 Qc4 32. Rc1 f5 33. Qc2 Rxc1
34. Qxc1 c2 35. Qa3 c1=Q 36. Qa8+ Kf7 37. Qb7+ Kg6 38. Qf3 38... Q4f1+ {
JUNIORE resigns} 0-1

[Event "ICS rated blitz match"]
[Site "207.99.83.229"]
[Date "1999.05.30"]
[Round "?"]
[White "Hossa"]
[Black "razzle"]
[Result "0-1"]
[WhiteElo "2524"]
[BlackElo "2721"]
[PlyCount "140"]

1. e4 c5 2. Nf3 e6 3. d4 cxd4 4. Nxd4 Nc6 5. Nc3 Qc7 6. Be2 a6 7. O-O Nf6 8.
Kh1 Be7 9. Bg5 O-O 10. Qd2 Bb4 11. Bxf6 gxf6 12. Bf3 Nxd4 13. Qxd4 Bxc3 14.
bxc3 e5 15. Qe3 d6 16. Qh6 Qe7 17. Rab1 Be6 18. a4 Rfc8 19. Rb6 Rxc3 20. Rfb1
Rc7 21. a5 Rac8 22. Bd1 Rd7 23. f4 Rc5 24. f5 Bc4 25. R1b4 d5 26. Rxf6 dxe4 27.
Bg4 Rxa5 28. Rb1 Rb5 29. Re1 Rd4 30. Qg5+ Kh8 31. Qh6 e3 32. h3 Ra5 33. Rc6 f6
34. Rxf6 Kg8 35. Qg5+ Qg7 36. Qxg7+ Kxg7 37. Rb6 Rb5 38. Rxb5 Bxb5 39. Rxe3 Kf6
40. g3 Bd7 41. Re2 Bc6+ 42. Kg1 Rd1+ 43. Kf2 Bb5 44. Re3 Rd2+ 45. Ke1 Rxc2 46.
Bf3 b6 47. g4 h6 48. Bd5 Rb2 49. Ra3 a5 50. Bf3 e4 51. Bd1 Bc4 52. h4 Rg2 53.
Rc3 b5 54. Ra3 b4 55. Re3 Bd3 56. Rh3 h5 57. gxh5 Kxf5 58. Re3 Kf4 59. Rh3 e3
60. Rh1 b3 61. Bxb3 Re2+ 62. Kd1 Rb2 63. Bc2 Rxc2 64. Rf1+ Ke4 65. Rf6 e2+ 66.
Ke1 Rc1+ 67. Kf2 e1=Q+ 68. Kg2 Rc2+ 69. Kh3 Qh1+ 70. Kg3 70... Rg2# {
Hossa checkmated} 0-1

[Event "ICS rated blitz match"]
[Site "207.99.83.229"]
[Date "1999.05.30"]
[Round "?"]
[White "Riscy"]
[Black "Hossa"]
[Result "1-0"]
[WhiteElo "2592"]
[BlackElo "2516"]
[PlyCount "113"]

1. e4 c5 2. c3 e6 3. d4 cxd4 4. cxd4 Nf6 5. Nc3 Bb4 6. Bd3 O-O 7. Nge2 d6 8.
O-O Nc6 9. a3 Bxc3 10. bxc3 d5 11. Bg5 h6 12. exd5 exd5 13. Bh4 Re8 14. Re1 Qd6
15. Bg3 Qe6 16. a4 Qg4 17. Rb1 Nh5 18. Bd6 Re6 19. Ba3 Nf6 20. Qd2 Na5 21. Ng3
Rxe1+ 22. Rxe1 Nc6 23. Bd6 Be6 24. f3 Qh4 25. Nf5 Bxf5 26. Bxf5 Re8 27. Bg3
Rxe1+ 28. Bxe1 Qh5 29. Qf4 Qg5 30. Qxg5 hxg5 31. Bd2 g4 32. fxg4 Na5 33. g5 Ne4
34. Bxe4 dxe4 35. Bf4 Nc4 36. Kf1 Kh7 37. Ke2 Nb2 38. a5 Nc4 39. Bc7 Kg6 40. h4
Kf5 41. Kf2 Ke6 42. h5 Kf5 43. Bd8 b5 44. g4+ Kxg4 45. h6 e3+ 46. Ke2 gxh6 47.
gxh6 b4 48. cxb4 f5 49. h7 f4 50. h8=Q f3+ 51. Kd3 f2 52. Qh4+ Kf3 53. Qe4+ Kg3
54. Bc7+ Ne5+ 55. Bxe5+ Kh3 56. Qf3+ Kh4 57. Bf6# {Hossa checkmated} 1-0